| 000 | 01790nam a2200529 i 4500 | ||
|---|---|---|---|
| 001 | 46632 | ||
| 003 | KOSZ 005 | ||
| 005 | 20220429134101.0 | ||
| 008 | 050620s2005 pl a f f |000 0 pol | ||
| 015 | _aUWD 2005/12027 | ||
| 020 | _a8373511504 | ||
| 035 | _a991027265179705066 | ||
| 035 | _a(PL-WaBN)b1739580x-48omnis_nlop | ||
| 035 | _ab1739580x | ||
| 035 | _a(OCoLC)749696366 | ||
| 035 | _azz2005869551 | ||
| 035 | _a(PL)b0000001739580 | ||
| 035 | _a(EXLNZ-48OMNIS_NETWORK)9910024660005606 | ||
| 040 |
_aWA N _cWA N _dKOSZ 005/HR |
||
| 041 | 0 | _apol | |
| 046 | _k2005 | ||
| 080 | _a658.1/.5 | ||
| 080 | _a658.14/.17 | ||
| 080 | _a(075.8) | ||
| 100 | 1 |
_aBućko, Józef _eAutor |
|
| 245 | 1 | 0 |
_aEkonomika przedsiębiorstwa. _nT. 2 / _cJózef Bućko, Janina Filipowicz, Teresa Lidia Wąsik. |
| 250 | _aWyd. 7. | ||
| 260 |
_aRadom : _bPolitechnika Radomska. Wydaw., _ccop. 2005. |
||
| 300 |
_a250 s. : _brys., wykr. ; _c24 cm. |
||
| 336 |
_aTekst _btxt _2rdacontent |
||
| 337 |
_aBez urządzenia pośredniczącego _bn _2rdamedia |
||
| 338 |
_aWolumin _bnc _2rdacarrier |
||
| 380 | _aKsiążki | ||
| 388 | _a2001- | ||
| 500 | _aAut. t. 1.: Józef Bućko, Lidia Teresa Wąsik. | ||
| 504 | _aBibliogr. przy rozdz. | ||
| 650 | 7 |
_aFinanse przedsiębiorstwa _2DBN |
|
| 650 | 7 |
_aEkonomika przedsiębiorstwa _2DBN |
|
| 655 | 7 |
_aPodręczniki akademickie _2DBN |
|
| 658 | _aGospodarka, ekonomia, finanse | ||
| 700 | 1 |
_aFilipowicz, Janina _c(ekonomia) _eAutor |
|
| 700 | 1 |
_aWąsik, Lidia Teresa _eAutor |
|
| 710 | 2 |
_aWydawnictwo Politechniki Radomskiej _4pbl |
|
| 856 |
_uhttp://koha.tu.koszalin.pl/cgi-bin/koha/opac-detail.pl?biblionumber=46632 _yKatalog online BPK |
||
| 942 |
_2UKD _cKS |
||
| 999 |
_c46632 _d46632 |
||